Amri ya wakati (Record no. 12633)
[ view plain ]
| 000 -LEADER | |
|---|---|
| fixed length control field | 00406nam a2200133 4500 |
| 008 - FIXED-LENGTH DATA ELEMENTS--GENERAL INFORMATION | |
| fixed length control field | 160805b xxu||||| |||| 00| 0 eng d |
| 020 ## - INTERNATIONAL STANDARD BOOK NUMBER | |
| International Standard Book Number | 9780195735598 |
| 050 ## - LIBRARY OF CONGRESS CALL NUMBER | |
| Classification number | PL 8704 .M6A4 2011 |
| 100 ## - MAIN ENTRY--PERSONAL NAME | |
| Personal name | Mohamed, Said A |
| 245 ## - TITLE STATEMENT | |
| Title | Amri ya wakati |
| 260 ## - PUBLICATION, DISTRIBUTION, ETC. (IMPRINT) | |
| Place of publication, distribution, etc. | Nairobi : |
| Name of publisher, distributor, etc. | Oxford University Press (E.A) Ltd, |
| Date of publication, distribution, etc. | 2011. |
| 300 ## - PHYSICAL DESCRIPTION | |
| Extent | 60p. : |
| Dimensions | 18cm. |
| 942 ## - ADDED ENTRY ELEMENTS (KOHA) | |
| Source of classification or shelving scheme | |
| Koha item type | Africana (Books) |
| Classification part | PL 8704 .M6A4 2011 |
| Withdrawn status | Lost status | Source of classification or shelving scheme | Damaged status | Not for loan | Home library | Current library | Shelving location | Date acquired | Source of acquisition | Total Checkouts | Full call number | Barcode | Date last seen | Price effective from | Koha item type |
|---|---|---|---|---|---|---|---|---|---|---|---|---|---|---|---|
| MACHAKOS UNIVERSITY LIBRARY | MACHAKOS UNIVERSITY LIBRARY | Africana | 05/08/2016 | PURCHASED | PL 8704 .M6A4 2011 | 24451 | 06/02/2024 | 05/08/2016 | Africana (Books) |